000 00787nam a2200217Ii 4500
003 JO-AjNU
008 230605s9999||||xx |||||||||||||| ||und||
020 _a1 84117002 10
040 _aJO-AjNU
_bara
_erda
_cJO-AjNU
041 _aara
050 1 4 _aDS36.855 I36 2000
100 3 _aاسماعيل، محمود,
_eauthor
_940630
245 0 0 _aسوسيولوجيا الفكر الاسلامي طور الانهيار(1) : الخلفية السوسيو - تاريخية، الجزء الأول
250 _aط1
264 3 1 _aبيروت: سينا للنشر، 2000
300 _aج1، 201ص
336 _atext
_btxt
_2rdacontent
337 _aunmediated
_bn
_2rdamedia
338 _avolume
_bnc
_2rdacarrier
650 4 _aالعالم الاسلامي- طور الانهيار
_940631
999 _aA17259
_c20827
_d20827